| 000 | 00535nam a2200145 a 4500 | ||
|---|---|---|---|
| 001 | 000031069 | ||
| 005 | 20200930062702.0 | ||
| 008 | 110613s1907 dr 000 0 spa d | ||
| 040 |
_aDO-SdBNP _bspa _cBNPHU |
||
| 110 | 1 |
_aRepública Dominicana _bAyuntamiento de santo Domingo _935849 |
|
| 245 | 1 | 0 | _aReglamento municipal sobre construcción, reedificación y ensanche de edificios urbanos particulares. |
| 260 |
_aCiudad Trujillo, República Dominicana : _bImprenta García Hermano, _c1907. |
||
| 300 |
_a20 p. ; _c23 cm. |
||
| 049 | _aBNPD | ||
| 999 |
_c30561 _d30561 |
||